Global business review (Record no. 26903)
[ view plain ]
| 000 -LEADER | |
|---|---|
| fixed length control field | 01410cas a22003977a 4500 |
| 001 - CONTROL NUMBER | |
| control field | 15020170 |
| 005 - DATE AND TIME OF LATEST TRANSACTION | |
| control field | 20200123103917.0 |
| 006 - FIXED-LENGTH DATA ELEMENTS--ADDITIONAL MATERIAL CHARACTERISTICS--GENERAL INFORMATION | |
| fixed length control field | m |
| 007 - PHYSICAL DESCRIPTION FIXED FIELD--GENERAL INFORMATION | |
| fixed length control field | c |
| 008 - FIXED-LENGTH DATA ELEMENTS--GENERAL INFORMATION | |
| fixed length control field | 050614c20009999ii fr pss 0 a0eng d |
| 010 ## - LIBRARY OF CONGRESS CONTROL NUMBER | |
| LC control number | 2007214805 |
| 022 ## - INTERNATIONAL STANDARD SERIAL NUMBER | |
| Incorrect ISSN | 0972-1509 |
| Source | 1 |
| 022 ## - INTERNATIONAL STANDARD SERIAL NUMBER | |
| International Standard Serial Number | 0972-1509 |
| Source | 1 |
| 035 ## - SYSTEM CONTROL NUMBER | |
| System control number | (OCoLC)ocm60626803 |
| 040 ## - CATALOGING SOURCE | |
| Original cataloging agency | OCLCS |
| Transcribing agency | OCLCS |
| Modifying agency | NSD |
| 042 ## - AUTHENTICATION CODE | |
| Authentication code | nsdp |
| 050 ## - LIBRARY OF CONGRESS CALL NUMBER | |
| Classification number | HC59.15 |
| Item number | .G558 |
| 130 ## - MAIN ENTRY--UNIFORM TITLE | |
| Uniform title | Global business review (Online) |
| 222 ## - KEY TITLE | |
| Key title | Global business review |
| 245 ## - TITLE STATEMENT | |
| Title | Global business review |
| Medium | [electronic resource] / |
| Statement of responsibility, etc | International Management Institute. |
| 260 ## - PUBLICATION, DISTRIBUTION, ETC. (IMPRINT) | |
| Place of publication, distribution, etc | New Delhi ; |
| -- | Thousand Oaks, CA : |
| Name of publisher, distributor, etc | Sage Publications |
| 300 ## - PHYSICAL DESCRIPTION | |
| Extent | v. |
| Dimensions | 26 cm |
| 310 ## - CURRENT PUBLICATION FREQUENCY | |
| Current publication frequency | Semiannual |
| 362 ## - DATES OF PUBLICATION AND/OR SEQUENTIAL DESIGNATION | |
| Dates of publication and/or sequential designation | Print began with v. 1, no. 1 (Jan./June 2000). |
| 500 ## - GENERAL NOTE | |
| General note | Description based on print version record. |
| 500 ## - GENERAL NOTE | |
| General note | Latest issue consulted: Vol. 7, no. 2 (Aug. 2006); viewewd publisher's website Sept. 24, 2007. |
| 530 ## - ADDITIONAL PHYSICAL FORM AVAILABLE NOTE | |
| Additional physical form available note | Also issued in online. |
| 538 ## - SYSTEM DETAILS NOTE | |
| System details note | Mode of access: World Wide Web. |
| 650 ## - SUBJECT ADDED ENTRY--TOPICAL TERM | |
| Topical term or geographic name as entry element | Economic history |
| Chronological subdivision | 1990- |
| Form subdivision | Periodicals. |
| 650 ## - SUBJECT ADDED ENTRY--TOPICAL TERM | |
| Topical term or geographic name as entry element | Industrial management |
| Form subdivision | Periodicals. |
| 710 ## - ADDED ENTRY--CORPORATE NAME | |
| Corporate name or jurisdiction name as entry element | International Management Institute (New Delhi, India) |
| 776 ## - ADDITIONAL PHYSICAL FORM ENTRY | |
| Title | Global business review |
| International Standard Serial Number | 0972-1509 |
| Record control number | (DLC) 00410639 |
| -- | (OCoLC)45138900 |
| 906 ## - LOCAL DATA ELEMENT F, LDF (RLIN) | |
| a | 7 |
| b | ibc |
| c | serials |
| d | u |
| e | ncip |
| f | 20 |
| g | n-oclcserc |
| 942 ## - ADDED ENTRY ELEMENTS (KOHA) | |
| Source of classification or shelving scheme | Dewey Decimal Classification |
| Item type | Periodicals |
| Serial record | 1 |
| Withdrawn status | Lost status | Source of classification or shelving scheme | Damaged status | Not for loan | Collection code | Home library | Current library | Date acquired | Total Checkouts | Date last seen | Price effective from | Koha item type |
|---|---|---|---|---|---|---|---|---|---|---|---|---|
| Dewey Decimal Classification | Not For Loan | Non-fiction | D.B.Act.Division | D.B.Act.Division | 28/05/2009 | 28/05/2009 | 28/05/2009 | Periodicals |
